Statistics for FIFA World Cup 2006 Trivia (Difficult)

Click here to take the quiz!

General Stats

  • This quiz has been taken 37 times
  • The average score is 28 of 69

Answer Stats

HintAnswer% Correct
Runners-upFrance
100%
Host CountryGermany
100%
Team with Most Goals ScoredGermany
100%
Third PlaceGermany
100%
ChampionsItaly
100%
Fourth PlacePortugal
85%
Golden Boot AwardMiroslav Klose
76%
ForwardMiroslav Klose
76%
5 GoalsMiroslav Klose
76%
MidfielderZinedine Zidane
76%
Golden Ball AwardZinedine Zidane
76%
3 GoalsZinedine Zidane
76%
5 Clean SheetsGianluigi Buffon
73%
GoalkeeperGianluigi Buffon
73%
Golden Glove AwardGianluigi Buffon
73%
3 GoalsRonaldo
73%
Name a City that hosted a match that is not Berlin/ Munich/ FrankfurtHamburg/Hanover/Leipzig/ Gelsenkirchen/Dortmund/ Cologne/ Kaiserlautern/ Nuremberg/Stuttgart
70%
Last Goalscorer of the TournamentMarco Materazzi
70%
Winning Manager/CoachMarcello Lippi
67%
FIFA Fair Play TrophyBrazil/Spain
58%
First Goalscorer of the TournamentPhilipp Lahm
55%
DefenderPhilipp Lahm
55%
ForwardThierry Henry
55%
3 GoalsThierry Henry
55%
4 Clean SheetsFabien Barthez
52%
MidfielderAndrea Pirlo
48%
3 AssistsAndrea Pirlo
48%
DefenderFabio Cannavaro
45%
Best Young Player AwardLukas Podolski
42%
3 GoalsLukas Podolski
42%
Final Stadium NameOlympiastadion
42%
GoalkeeperJens Lehmann
36%
3 Clean SheetsJens Lehmann
36%
Youngest GoalscorerLionel Messi
36%
Team with Least Goals ConcededSwitzerland
33%
4 AssistsFrancesco Totti
30%
MidfielderFrancesco Totti
30%
MidfielderLuis Figo
30%
3 AssistsLuis Figo
30%
MidfielderGennaro Gattuso
27%
DefenderGianluca Zambrotta
24%
ForwardLuca Toni
24%
3 AssistsBastian Schweinsteiger
21%
DefenderLilian Thuram
21%
MidfielderMichael Ballack
21%
3 Clean SheetsDida
18%
3 GoalsHernan Crespo
18%
ForwardHernan Crespo
18%
MidfielderPatrick Vieira
18%
Team with Most Goals ConcededSerbia and Montenegro
18%
Official Match BallTeamgeist
18%
3 GoalsDavid Villa
15%
3 GoalsMaxi Rodriguez
15%
3 GoalsFernando Torres
12%
4 Clean SheetsPascal Zuberbuhler
12%
GoalkeeperRicardo
12%
4 Clean SheetsRicardo
12%
Total Goals Scored147
9%
3 AssistsJuan Roman Riquelme
9%
MidfielderManiche
9%
Official MascotGoleo VI
6%
4 Clean SheetsPaul Robinson
6%
DefenderRoberto Ayala
6%
Oldest Goalscorer (Hint: it's an own goal)Carlos Gamarra
3%
DefenderJohn Terry
3%
3 Clean SheetsOleksandr Shovkovskyi
3%
DefenderRicardo Carvalho
3%
MidfielderZe Roberto
3%
Official SongThe Time of Our Lives
0%

Score Distribution

Percentile by Number Answered

Percent of People with Each Score

Your Score History

You have not taken this quiz